Thần thoại Hy Lạp; T2
Saved in:
| Main Author: | |
|---|---|
| Format: | Book |
| Language: | Undetermined |
| Published: |
Hà Nội
Văn Hóa Dân Tộc
1998
|
| Subjects: | |
| Tags: |
Add Tag
No Tags, Be the first to tag this record!
|
| Institutions: | Trung tâm Học liệu Trường Đại học Cần Thơ |
|---|
| LEADER | 00543nam a2200193Ia 4500 | ||
|---|---|---|---|
| 001 | CTU_22424 | ||
| 008 | 210402s9999 xx 000 0 und d | ||
| 020 | |c 54000 | ||
| 082 | |a 398.20938 | ||
| 082 | |b Kh401/T2 | ||
| 100 | |a Nguyễn Văn Khỏa | ||
| 245 | 0 | |a Thần thoại Hy Lạp; T2 | |
| 245 | 0 | |c Nguyễn Văn Khỏa | |
| 260 | |a Hà Nội | ||
| 260 | |b Văn Hóa Dân Tộc | ||
| 260 | |c 1998 | ||
| 650 | |a folk literature, greek | ||
| 904 | |i Minh, 980428 | ||
| 980 | |a Trung tâm Học liệu Trường Đại học Cần Thơ | ||